00650nam a22002052 4500001001100000005001700011008004100028020001700069040001500086245008900101250001300190260003100203300001600234650003700250650004600287650004300333700003400376700003100410852000300441000002389520151217152251.0130412s xx 000 0 eng d a0199547746 : aKABUcKABU10aFundamentals of mental health nursing /cedited by Victoria Clarke and Andrew Walsh. a1st ed. aOxford :bO. U. P.,c2009. axv, 289 p. 0aPsychiatric nursing.@0000155901 0aPsychiatric nursingxMethods.@0000183666 0aMental disordersxNursing.@00001804801 aClarke, Victoria.@00001836671 aWalsh, Andrew.@00001836681